000 00339nam a2200157Ia 4500
003 Ost
005 20260225132541.0
008 260225s9999||||xx |||||||||||||| ||und||
040 _cfsic
041 _afre
082 _a641.5
100 _aKateb yacine
_eAuteur
245 0 _aMinuit passé /
245 0 _cKateb yacine
942 _cكتاب
999 _c33492
_d33492